000
00336 a2200157 4500
001
169793
020
_a
040
_c
Magnum
100
_a
Bandeira, Pedro
240
1
0
_a
Eu quero ficar com voce
_l
por
245
1
0
_a
Eu quero ficar com voce
362
0
_a
1899
440
1
_a
Moderna
697
_a
J/ADOLESCENTE, NAMORO
942
_c
BK
999
_c
169793
_d
169793